000 00426cam a2200145 4500500
005 20251012032513.0
041 _afre
042 _adc
100 1 0 _aMotoret, Laurence
_eauthor
245 0 0 _aLes temps du DhĂ´telland
260 _c2002.
500 _a52
786 0 _nSigila | 10 | 2 | 2002-12-20 | p. 159-168 | 1286-1715
856 4 1 _uhttps://shs.cairn.info/revue-sigila-2002-2-page-159?lang=fr&redirect-ssocas=7080
999 _c1547484
_d1547484